000
00303 a2200145 4500
001
147380
040
_c
Escola São Tomás de Aquino
100
_a
WEBER, Adri
240
1
0
_a
Marina
_l
por
245
1
0
_a
Marina
362
0
_a
2003
440
1
_a
Borboletas
697
_a
*LITERATURA INFANTO
942
_c
BK
999
_c
147380
_d
147380